Contemporary cultures of display / (Record no. 5826)

MARC details
000 -LEADER
fixed length control field 01534cam a2200373 a 4500
001 - CONTROL NUMBER
control field 3574413
003 - CONTROL NUMBER IDENTIFIER
control field OSt
005 - DATE AND TIME OF LATEST TRANSACTION
control field 20260429170811.0
008 - FIXED-LENGTH DATA ELEMENTS--GENERAL INFORMATION
fixed length control field 990107s1999 ctuab b 001 0 eng
010 ## - LIBRARY OF CONGRESS CONTROL NUMBER
LC control number 99011436
020 ## - INTERNATIONAL STANDARD BOOK NUMBER
International Standard Book Number 97803000778234
Qualifying information cloth : alk. paper
035 ## - SYSTEM CONTROL NUMBER
System control number 3574413
040 ## - CATALOGING SOURCE
Original cataloging agency DLC
Transcribing agency Foundation University
050 00 - LIBRARY OF CONGRESS CALL NUMBER
Classification number N 6490
Item number .C65 1999
245 00 - TITLE STATEMENT
Title Contemporary cultures of display /
Statement of responsibility, etc. edited by Emma Barker.
260 ## - PUBLICATION, DISTRIBUTION, ETC.
Place of publication, distribution, etc. New Haven :
Name of publisher, distributor, etc. Yale University Press,
Date of publication, distribution, etc. 1999.
264 ## - PRODUCTION, PUBLICATION, DISTRIBUTION, MANUFACTURE, AND COPYRIGHT NOTICE
Copyright Date 1999
300 ## - PHYSICAL DESCRIPTION
Extent 266 p. :
Other physical details ill. (some col.), map ;
Dimensions 27 cm.
Materials specified books
Type of unit books
336 ## - CONTENT TYPE
Content type term text
Content type code txt
Source rdacontent
Materials specified books
337 ## - MEDIA TYPE
Media type term unmediated
Media type code n
Source rdamedia
Materials specified books
338 ## - CARRIER TYPE
Carrier type term volume
Carrier type code nc
Source rdacarrier
Materials specified books
440 #0 - SERIES STATEMENT/ADDED ENTRY--TITLE
Title Art and its histories ;
Volume/sequential designation bk. 6
9 (RLIN) 15732
504 ## - BIBLIOGRAPHY, ETC. NOTE
Bibliography, etc. note Includes bibliographical references and index.
650 #0 - SUBJECT ADDED ENTRY--TOPICAL TERM
Topical term or geographic name entry element Art, Modern
Chronological subdivision 20th century
General subdivision Exhibitions.
9 (RLIN) 15733
650 #0 - SUBJECT ADDED ENTRY--TOPICAL TERM
Topical term or geographic name entry element Art
General subdivision Exhibition techniques.
9 (RLIN) 15734
650 #0 - SUBJECT ADDED ENTRY--TOPICAL TERM
Topical term or geographic name entry element Art museums
General subdivision Public relations.
9 (RLIN) 15735
700 1# - ADDED ENTRY--PERSONAL NAME
Personal name Barker, Emma.
9 (RLIN) 15736
856 4# - ELECTRONIC LOCATION AND ACCESS
Materials specified Table of Contents
Uniform Resource Identifier <a href="http://lcweb.loc.gov/catdir/toc/99011436.html">http://lcweb.loc.gov/catdir/toc/99011436.html</a>
906 ## - LOCAL DATA ELEMENT F, LDF (RLIN)
a 7
b cbc
c orignew
d 1
e ocip
f 19
g y-gencatlg
942 ## - ADDED ENTRY ELEMENTS (KOHA)
Source of classification or shelving scheme Library of Congress Classification
Koha item type Books
Classification part N 6490
Item part .1999 C65
Call number prefix (DAFA-FA)
Holdings
Withdrawn status Lost status Source of classification or shelving scheme Damaged status Not for loan Collection code Home library Current library Shelving location Date acquired Source of acquisition Total Checkouts Full call number Barcode Date last seen Price effective from Koha item type Accession Number
    Library of Congress Classification     Non-fiction Foundation University Library Foundation University Library DoArchitecture & Fine Arts 04/29/2026 Donations   (DAFA-FA) N 6490 .1999 C65 0192026003339 04/29/2026 04/29/2026 Books DAFA-2026339